000
00275nam a2200097Ia 4500
008
220204s9999 xx 000 0 und d
082
_a
331:06.055.5(595)
_b
FED
245
0
_a
Federation of Malaya, Annual Report of Ministry of labour, 1960
260
_a
Malaya
_c
1962
942
_c
BK
999
_c
19315
_d
19315